000 00967nam0a22002651 4500
001 rc\982741
005 20041129101235.3
035 _a(NLR Aleph) 006150600
090 _a5758006
_c5758006
100 _a20041129d1981 u |0rusy50 ca
101 0 _arus
102 _aRU
105 _aa |||||||||
200 1 _aРоль многократного рассеяния в переносе излучения через плоские среды с отражающими поверхностями
210 _aМинск
_cИФ
_d1981
215 _a39 с.
_cил.
_d20
225 1 _aПрепринт
_fИн-т физики АН БССР
_v№ 243
320 _aБиблиогр.: с. 37-38
700 1 _aАдзерихо
_bК. С.
_gКазимир Серафимович
701 1 _aПодлужняк
_bН. В.
_gНаталья Васильевна
801 0 _aRU
_bNLR
_gpsbo
801 1 _aRU
_bELAR
_2rusmarc
852 _aNLR
_j81-4/27062
942 _cBOOK
980 _aNB